G-Eazy Charting Songs (Billboard Hot 100) - Statistics

General Stats
  • This quiz has been taken 48 times
    34 since last reset
  • The average score is 9 of 16
Answer Stats
Album Weeks On Peak Artist(s) Song % Correct
The Beautiful & Damned 20 Weeks #14 G-Eazy & Halsey Him & I
92%
When It's Dark Out 37 Weeks #7 G-Eazy x Bebe Rexha Me, Myself & I
92%
The Beautiful & Damned 29 Weeks #4 G-Eazy ft. A$AP Rocky & Cardi B No Limit
92%
These Things Happen 4 Weeks #98 G-Eazy ft. Remo I Mean It
72%
The Fate of the Furious: The Album 5 Weeks #59 G-Eazy & Kehlani Good Life
64%
FMA 20 Weeks #57 Grace ft. G-Eazy You Don't Own Me
64%
Glory 9 Weeks #17 Britney Spears ft. G-Eazy Make Me...
52%
beerbongs and bentleys 3 Weeks #20 Post Malone ft. G-Eazy & YG Same Bitches
52%
When It's Dark Out 1 Week #98 G-Eazy ft. Chris Brown & Tory Lanez Drifting
48%
These Things Happen Too 1 Week #71 G-Eazy ft. blackbear Hate the Way
44%
When It's Dark Out 3 Weeks #97 G-Eazy ft. Marc E. Bassy Some Kind of Drug
44%
Groovy People 16 Weeks #58 Marc E. Bassy ft. G-Eazy You & Me
44%
Uncle Drew 8 Weeks #70 G-Eazy ft. Yo Gotti & YBN Nahmir 1942
40%
These Things Happen Too 1 Week #64 G-Eazy ft. Chris Brown & Mark Morrison Provide
40%
The Beautiful & Damned 1 Week #96 G-Eazy The Plan
40%
When It's Dark Out 1 Week #94 G-Eazy Random
36%
No matching quizzes found
Score Distribution
Percent of People with Each Score
Percentile by Number Answered
Your Score History
You have not taken this quiz since the last reset